| 000 | 00782nam a2200253 i 4500 | ||
|---|---|---|---|
| 001 | bg | ||
| 245 | 0 | 0 |
_aUrban ecology / _cJ. Breuste, H. Feldmann, O. Uhlmann (eds.). |
| 260 |
_aBerlin (etc.) : _bSpringer, _c1998. |
||
| 300 |
_aXXIX, 714 s. : _bpl., rys., wykr. ; _c25 cm. |
||
| 504 | _aBibliogr. przy ref. | ||
| 650 | 9 |
_aMiasta _xekologia |
|
| 650 | 9 | _aPlanowanie przestrzenne a środowisko człowieka | |
| 655 | _aMateriały konferencyjne | ||
| 700 | 1 |
_aBREUSTE, Jürgen. _eRed. |
|
| 700 | 1 |
_aFELDMANN, Hildegard _d(1957- ). _eRed. |
|
| 700 | 1 |
_aOHLMANN, Ogarit _d(1971- ). _eRed. |
|
| 020 | _a3540646175 | ||
| 040 | _cBPK | ||
| 041 | 0 | _aen | |
| 080 | _a711.4/.8:574(1-21)](061) | ||
| 920 | _a3-540-64617-5 | ||
| 942 | _cKS | ||
| 008 | s pl f |000 0 pol | ||
| 999 |
_c34487 _d34487 |
||
| 856 |
_uhttp://koha.tu.koszalin.pl/cgi-bin/koha/opac-detail.pl?biblionumber=34487 _yKatalog online BPK |
||